[Event "9th Beirut Open 2017"]
[Site "Beirut"]
[Date "2017.10.04"]
[Round "6"]
[White "Demchenko, Anton"]
[Black "Yilmaz, Mustafa"]
[Result "1/2-1/2"]
[WhiteElo "2649"]
[BlackElo "2633"]
[Annotator "TA"]
[PlyCount "63"]
[EventDate "2017.??.??"]
[EventCountry "LBN"]
[SourceTitle "playchess.com"]
[Source "ChessBase"]
[SourceQuality "1"]

{[%evp 12,63,25,21,38,48,56,24,27,25,43,34,30,41,37,37,33,40,43,35,43,-28,-27,-70,-53,-41,0,0,0,8,13,5,2,0,18,8,12,0,0,0,0,0,0,0,8,8,8,8,8,8,8,0,8,0]} 1. e4 c5 2. Nf3 d6 3. d4 cxd4 4. Nxd4 Nf6 5. Nc3 a6 6. h3 e6 7. g4 {[%cal Bg2g4,Bg4g5][%mdl 32]} Be7 {B81: Sicilian Scheveningen: Keres Attack} (7... h6 8. Bg2 Be7 9. Be3 Nc6 10. Nxc6 bxc6 11. Qd2 Rb8 12. O-O-O Qa5 13. e5 Nd5 14. exd6 Bf6 15. Bxd5 cxd5 16. Bd4 {½-½ (35) Anand,V (2794)-Grandelius,N (2653) Douglas 2017}) 8. g5 Nfd7 9. Bg2 Nc6 {White has an edge.} 10. h4 O-O 11. b3 Qb6 12. Nxc6 bxc6 13. Na4 $146 ({Predecessor:} 13. Bb2 e5 14. Na4 Qa5+ 15. Bc3 {½-½ (87) Antonio,R (2465)-Nguyen,H (2433) Tagaytay City 2017}) 13... Qc7 14. Be3 Bb7 15. O-O c5 16. c4 (16. f4 $14) 16... f5 $11 17. exf5 Bxg2 $1 18. Kxg2 Qc6+ (18... Rxf5 {is more complex.} 19. f4 d5 20. Qe2 d4 21. Bd2 e5) 19. Qf3 {The position is equal.} Qxf3+ 20. Kxf3 Rxf5+ 21. Kg2 Raf8 22. f4 h6 23. Nc3 hxg5 24. hxg5 e5 {[%cal Re5f4]} 25. Nd5 Bd8 26. Rad1 exf4 27. Bxf4 Bxg5 {[#] White must now prevent ...Rxd5.} 28. Bxd6 Rxf1 29. Rxf1 Rxf1 30. Kxf1 {And now b4 would win. KBN-KBN} Bd8 31. a3 Kf7 32. b4 {Precision: White = 50%, Black = 65%.} 1/2-1/2

[Event "9th Beirut Open 2017"]
[Site "Beirut"]
[Date "2017.10.04"]
[Round "6"]
[White "Kiriakov, Petr"]
[Black "Novikova, Margarita"]
[Result "1-0"]
[WhiteElo "2543"]
[BlackElo "2004"]
[Annotator "TA"]
[PlyCount "97"]
[EventDate "2017.??.??"]
[EventCountry "LBN"]
[SourceTitle "playchess.com"]
[Source "ChessBase"]
[SourceQuality "1"]

{[%evp 14,97,0,0,10,0,49,46,52,61,46,56,50,37,70,31,94,87,102,91,98,96,96,96,99,96,96,96,103,102,99,99,146,146,150,141,178,165,188,187,184,153,250,250,222,222,245,226,225,193,253,260,254,233,259,259,258,258,265,248,265,265,318,318,318,318,318,318,847,241,315,305,279,206,555,524,495,517,612,553,970,887,808,289,1062,1059]} 1. d4 Nf6 2. c4 e6 3. Nc3 Bb4 4. Bg5 h6 5. Bh4 c5 6. d5 exd5 7. cxd5 d6 8. e3 {LiveBook: 44 Games} Bf5 {E31: Nimzo-Indian: Leningrad Variation: 4...h6 5 Bh4 c5 6 d5 d6} (8... Nbd7 9. Bd3 Qa5 10. Nge2 Nxd5 11. O-O Bxc3 12. bxc3 O-O 13. Rc1 Ne5 14. Bb1 Bg4 15. Qxd5 Bxe2 16. Rfe1 Bc4 17. Qxd6 {0-1 (62) Grachev,B (2672)-Naiditsch,A (2704) Germany 2012}) 9. Bb5+ Kf8 $146 ({Predecessor:} 9... Nbd7 10. Nge2 a6 11. Bxd7+ Bxd7 12. O-O Qe7 13. a3 Ba5 14. Rb1 b5 15. b4 Bb6 16. a4 cxb4 17. Rxb4 {1-0 (36) Vidarte Morales,A (2353)-Coll Enriquez,L (2160) Sitges 2012}) 10. Nge2 {[%cal Bg1e2,Be2g3,Bg3f5][%mdl 32]} a6 {White is slightly better.} 11. Bd3 Bxd3 12. Qxd3 Nbd7 {[%cal Bb8d7,Bd7e5,Be5c4][%mdl 32]} 13. O-O Ne5 14. Qf5 Qd7 (14... Bxc3 $14 15. Nxc3 Qd7 16. Qxd7 Nexd7) 15. Ng3 $16 Bxc3 16. Bxf6 Qxf5 17. Nxf5 gxf6 18. bxc3 Nc4 19. a4 b6 20. f3 Ke8 21. Kf2 Kd7 22. Rfb1 Rae8 23. e4 Kc7 24. g4 Rh7 25. Ng3 Ne5 26. Nh5 Nd7 27. c4 a5 (27... Rhh8 $16 28. Ra2 Rhf8) 28. Rb3 $18 Rhh8 29. Rg1 Rhg8 30. Rg3 Rg6 31. Rh3 Rh8 (31... Ne5 {keeps fighting.} 32. Rc3 (32. Nf4 Rgg8 $16) 32... Rh8) 32. Rc3 Rg5 33. Rh4 Rgg8 34. Ng3 Ne5 35. Rh5 Rg5 36. Rh3 Rg6 37. Nf5 Rh7 38. Rh5 Rg8 39. f4 Ng6 40. Kf3 ({Not} 40. Nxh6 Rgh8 $16) ({Stronger than} 40. Rxh6 Rxh6 41. Nxh6 Rh8 $11) 40... Rgg7 $2 {[#]} (40... Rgh8 41. Rb3 Re8) 41. Ng3 $2 (41. Nxg7 Rxg7 42. Rxh6) 41... Nf8 42. Rf5 Nd7 43. Nh5 Kd8 $2 (43... Rg6 {is tougher.} 44. Ng3 Nb8) 44. Nxf6 Nxf6 45. Rxf6 Ke7 46. e5 h5 47. g5 dxe5 48. fxe5 $2 {[#]} (48. Rxb6 Rg6 49. Rb7+ Ke8 50. Rb8+ Ke7 51. Rcb3 e4+ 52. Kxe4) 48... Rg8 $2 (48... Rxg5 49. Rxb6 Rxe5) 49. h4 {Precision: White = 79%, Black = 26%.} 1-0

[Event "9th Beirut Open 2017"]
[Site "Beirut"]
[Date "2017.10.04"]
[Round "6"]
[White "Kotanjian, Tigran"]
[Black "Khader, Aram"]
[Result "1-0"]
[WhiteElo "2475"]
[BlackElo "2101"]
[Annotator "TA"]
[PlyCount "83"]
[EventDate "2017.??.??"]
[EventCountry "LBN"]
[SourceTitle "playchess.com"]
[Source "ChessBase"]
[SourceQuality "1"]

{[%evp 15,83,16,21,10,15,0,0,-10,0,-10,-2,-14,-3,-8,10,12,12,11,16,16,23,16,55,57,80,78,81,80,135,156,177,162,188,152,161,154,188,168,156,154,213,208,230,192,258,216,205,202,271,197,310,334,320,306,323,319,364,335,630,345,554,622,596,602,1162,1108,12834,895,767,699]} 1. c4 c6 2. d4 d5 3. Nf3 Nf6 4. Nc3 e6 5. Bg5 Be7 6. e3 O-O 7. Rc1 Nbd7 8. a3 a6 {LiveBook: 25 Games} 9. c5 {D63: Queen's Gambit Declined: Classical: 7 Rc1} (9. cxd5 Nxd5 10. Bxe7 Qxe7 11. Be2 Nxc3 12. Rxc3 e5 13. O-O exd4 14. Nxd4 g6 15. Qa4 c5 16. Nf3 Nf6 17. Qh4 Bf5 18. e4 Qxe4 19. Qxf6 Qxe2 20. Rxc5 Rad8 21. h3 Rd1 22. Rxd1 Qxd1+ {½-½ (22) Mann,W (2379)-Traut,G (2337) Remote email 2014}) 9... e5 10. dxe5 (10. Be2 {is more complex.} Ne8 11. Bxe7 Qxe7 12. O-O e4 13. Nd2) 10... Ne4 11. Nxe4 $146 {The position is equal.} ({Predecessor:} 11. Bxe7 Qxe7 12. b4 Nxe5 13. Nxe5 Qxe5 14. Nxe4 dxe4 15. Qc2 Rd8 16. Be2 Be6 {½-½ (24) Eriksson,J (2229)-Sjodin,B (2166) Taby 2007}) 11... dxe4 12. Bxe7 Qxe7 13. Nd2 Nxc5 14. Qc2 Nd7 15. Qxe4 Qxe5 16. Bd3 $36 {[%csl Gd3][%cal Re4h7][%mdl 2048] [#] White has the initiative.} Qxe4 17. Nxe4 Ne5 18. Be2 Bf5 19. Nd6 Bd3 20. f4 (20. Nxb7 Bxe2 21. Kxe2 Rab8 $11) 20... Bxe2 21. Kxe2 Ng4 ({Better is} 21... Ng6) 22. Kf3 $16 Nf6 23. Nxb7 Rab8 24. Nd6 Rxb2 25. Rxc6 h5 26. Rhc1 Rb3 27. R1c3 ({Don't do} 27. Rxa6 $6 Ng4 $14) 27... Rxc3 (27... Rb1 $16 {is a better defense.} 28. Rc1 (28. Rxa6 Rf1+ 29. Ke2 Rg1 $16) 28... Rb3) 28. Rxc3 {[%mdl 4096] Endgame KRN-KRN} Rb8 29. h3 {[%cal Bh2h3,Bh3g4,Bg4g5][%mdl 32]} a5 (29... g6 {was called for.} 30. g4 Nd5) 30. g4 hxg4+ 31. hxg4 a4 32. g5 Nd5 (32... Ne8 $142) 33. Rc5 $18 Ne7 34. Ra5 Rd8 35. Nc4 Rd3 36. Rxa4 Nd5 $2 (36... f6 37. Ra7 Kf7) 37. Ra8+ Kh7 38. Ke4 {White is clearly winning.} Rd1 39. Ne5 f5+ 40. Kxf5 {[#] g6+ would kill now.} Ne7+ 41. Ke4 Rf1 42. Re8 {Precision: White = 65%, Black = 36%.} 1-0

[Event "9th Beirut Open 2017"]
[Site "Beirut"]
[Date "2017.10.04"]
[Round "6"]
[White "Tsatsalashvili, Keti"]
[Black "Volkov, Sergey"]
[Result "0-1"]
[WhiteElo "2264"]
[BlackElo "2638"]
[Annotator "TA"]
[PlyCount "86"]
[EventDate "2017.??.??"]
[EventCountry "LBN"]
[SourceTitle "playchess.com"]
[Source "ChessBase"]
[SourceQuality "1"]

{[%evp 22,86,0,-8,0,0,0,0,0,-116,-125,-143,-145,-140,-148,-134,-150,-140,-133,-143,-139,-140,-150,-137,-87,-96,-87,-87,-87,-87,-87,-87,-87,-83,-85,-196,-185,-199,-162,-150,-65,-199,-177,-175,-137,-148,-158,-156,-157,-228,-227,-228,-230,-632,-407,-416,-405,-409,-406,-519,-490,-421,-277,-409,-407,-410,-408]} 1. d4 d5 2. c4 dxc4 3. Nf3 c5 4. e3 cxd4 5. exd4 Be6 6. Nc3 Nf6 7. Ne5 Nc6 {D21: Queen's Gambit Accepted: 3 Nf3 sidelines} 8. Nxc6 bxc6 9. Qa4 Qd7 10. Bxc4 Bxc4 11. Qxc4 e6 (11... Rb8 12. Bf4 Rxb2 13. O-O e6 14. Rab1 Rb6 15. Na4 {½-½ (24) Panzalovic,S (2477)-Stojanovic,M (2588) Germany 2010}) 12. O-O {LiveBook: 15 Games} Bd6 13. Bg5 Nd5 14. Rac1 h6 15. Bh4 $146 (15. Be3 $11) ({Predecessor:} 15. Bd2) 15... f5 $1 $17 {[%cal Bf7f5,Bf5f4][%mdl 32]} 16. Rfe1 g5 $1 {[%cal Rg5h4]} 17. Bg3 f4 $1 18. Nxd5 cxd5 19. Qxd5 Kf7 $1 20. Qf3 Kg7 $1 21. Qg4 fxg3 22. hxg3 Rhf8 23. Rxe6 Rf6 24. d5 {aiming for Qd4.} Re8 $1 {[%cal Rf6e6]} 25. Qd4 Rexe6 26. dxe6 Qxe6 27. Qxa7+ Kg6 28. a4 (28. Qa6 $17) 28... Qe2 $19 29. b3 Qd2 30. Rf1 Qc2 (30... Qc3 $17 {And now ...Bc5 would win.} 31. Qe3 Qxe3 32. fxe3 Bxg3 33. Rxf6+ Kxf6) 31. b4 (31. Qa8 $1 $15) 31... Bxb4 {White must now prevent ...Bc5.} 32. Qb8 Qc4 ({Weaker is} 32... Qxa4 33. Qg8+ Kh5 34. Qc4 $11) 33. Rb1 {[#]} Bc5 $1 34. Qe8+ {[#]} Rf7 $1 35. Rf1 (35. Qg8+ $17 Kh5 36. Rb2) 35... Kg7 36. Qe5+ Kh7 37. Qa1 $2 (37. a5) 37... Qc2 38. Qe1 Qxa4 39. Qe2 Qd4 40. Qc2+ Kg7 41. Qe2 Ba7 42. Qc2 (42. Kh2 {is a better defense.}) 42... Qf6 43. Qd2 Bd4 {Precision: White = 51%, Black = 63%.} 0-1

[Event "9th Beirut Open 2017"]
[Site "Beirut"]
[Date "2017.10.04"]
[Round "6"]
[White "El Jawich, Amro"]
[Black "Adly, Ahmed"]
[Result "0-1"]
[WhiteElo "2230"]
[BlackElo "2625"]
[Annotator "TA"]
[PlyCount "52"]
[EventDate "2017.??.??"]
[EventCountry "LBN"]
[SourceTitle "playchess.com"]
[Source "ChessBase"]
[SourceQuality "1"]

{[%evp 21,52,0,49,30,62,0,42,18,12,14,43,-4,5,-40,0,0,0,0,0,-64,-42,-70,-64,-96,-95,-99,-99,-196,-189,-206,-198,-188,-185]} 1. e4 c5 2. Ne2 Nc6 3. d4 cxd4 4. Nxd4 Nf6 5. Nc3 d6 6. Bg5 Bd7 7. Qd2 Rc8 8. O-O-O Nxd4 9. Qxd4 Qa5 10. Bxf6 gxf6 11. f4 {B61: Sicilian: Richter-Rauzer: 6...Bd7 7 Qd2} h5 {LiveBook: 3 Games} (11... Bg7 12. Kb1 Qc5 13. f5 Bh6 14. Qxc5 Rxc5 15. Nd5 Rg8 16. g3 Bg7 17. b4 Rc8 18. Nf4 Bh6 {1-0 (44) Smeets,J (2669)-Bauer,C (2612) Sestao 2010}) 12. Be2 Rg8 $146 ({Predecessor:} 12... Qc5 13. Qd2 e6 14. Kb1 b5 15. Bf3 b4 {1-0 (37) Kurz,C (1975)-Tapia Egoavil,C (1807) Postbauer 2007}) 13. g3 (13. Bf3 $1 $14) 13... h4 14. Rhg1 hxg3 15. hxg3 Qc5 (15... Be6 {looks sharper.} 16. Kb1 f5 17. g4 Rxc3 18. Qxc3 Qxa2+ 19. Kc1 fxg4 20. Qb4 Bh6) 16. Qxc5 Rxc5 17. Rd5 Bh6 {[#] White must now prevent ...Bxf4+!} 18. Rh1 Bf8 19. Rxc5 dxc5 20. Rg1 (20. g4 $11) 20... e6 21. Kd2 a6 22. a4 Bc6 23. Ke3 {[#]} c4 $1 {[%mdl 512]} 24. Kf3 (24. Kd4 $17) (24. Bxc4 Bc5+) 24... f5 {[%cal Bf6f5,Bf5e4][%mdl 32] Black is clearly better.} 25. Bxc4 {intending Bd3.} fxe4+ 26. Ke2 Bd6 {Precision: White = 19%, Black = 51%.} 0-1

[Event "9th Beirut Open 2017"]
[Site "Beirut"]
[Date "2017.10.04"]
[Round "6"]
[White "Wafa, Shahenda"]
[Black "Koniahli, Malek"]
[Result "1-0"]
[WhiteElo "2150"]
[BlackElo "2086"]
[Annotator "TA"]
[PlyCount "55"]
[EventDate "2017.??.??"]
[EventCountry "LBN"]
[SourceTitle "playchess.com"]
[Source "ChessBase"]
[SourceQuality "1"]

{[%evp 21,55,64,89,37,131,61,64,71,165,146,165,147,137,145,195,193,228,218,291,336,291,168,167,77,29985,29986,29986,29986,29986,29982,29982,2839,3810,2562,29994,29995]} 1. e4 c5 2. Nf3 d6 3. d4 cxd4 4. Nxd4 Nf6 5. Nc3 a6 6. Bg5 e6 7. f4 Be7 8. Qf3 Qc7 9. O-O-O Nbd7 10. Bd3 O-O {B99: Sicilian Najdorf: 6 Bg5 e6 7 f4 Be7 8 Qf3 Qc7 9 0-0-0 Nbd7} (10... b5 11. Rhe1 Bb7 12. Qg3 b4 13. Nd5 exd5 14. exd5 Kd8 15. Nc6+ Bxc6 16. dxc6 Nc5 17. Bh4 Rg8 18. Bxh7 Rh8 19. Qxg7 Rxh7 20. Qxf6 Rxh4 21. Qxf7 Rh8 22. Re5 {½-½ (34) Wang,H (2733)-Dominguez Perez,L (2730) Sochi 2012}) 11. Rhe1 h6 {LiveBook: 3 Games} 12. Bh4 (12. Bxf6 $16 Nxf6 13. e5) 12... Rb8 {[#]} (12... Re8 $14) 13. Kb1 $146 (13. e5 $1 $16 {[%mdl 512]}) ({Predecessor:} 13. e5 dxe5 14. fxe5 Nxe5 15. Rxe5 Qxe5 16. Bg3 Qg5+ 17. Bf4 Qh4 18. Bxb8 e5 19. Bxe5 Bg4 20. Bxf6 Bxf6 21. Qe4 Rd8 22. Nf3 {1-0 (22) Nevostrujev,V (2475)-Emeljashin,Y (2085) Kemerovo 2011}) 13... Nc5 $1 $14 14. e5 Ne8 (14... dxe5 $16 {keeps fighting.} 15. fxe5 Nd5 16. Nxd5 exd5 17. Bxe7 Qxe7) 15. Bxe7 $18 Qxe7 16. exd6 Nxd6 17. g4 $1 Nxd3 18. Qxd3 ({And not} 18. Rxd3 Bd7 $11) 18... Qc7 19. Nf3 Nc4 {[#] intending ...b5.} 20. g5 $1 {[%cal Rg5h6]} h5 21. Ne5 (21. g6 $142) 21... b5 {[#]} 22. g6 (22. Ne4 $1 $18 {[%cal Re4f6] is more deadly. White threatens Nf6+! and mate.} Nxe5 23. fxe5) 22... f6 $2 {[%mdl 8192]} (22... Nxe5 $16 23. Rxe5 fxg6) 23. Qh3 fxe5 24. Qxh5 {[%csl Gg6][%cal Rh5h7]} Rf7 25. Qh7+ Kf8 26. Qh8+ Ke7 27. gxf7 Kxf7 28. Rg1 {Precision: White = 63%, Black = 32%.} 1-0

[Event "9th Beirut Open 2017"]
[Site "Beirut"]
[Date "2017.10.04"]
[Round "6"]
[White "Kassis, Antoine"]
[Black "Pruijssers, Roeland"]
[Result "1/2-1/2"]
[WhiteElo "2130"]
[BlackElo "2512"]
[Annotator "TA"]
[PlyCount "85"]
[EventDate "2017.??.??"]
[EventCountry "LBN"]
[SourceTitle "playchess.com"]
[Source "ChessBase"]
[SourceQuality "1"]

{[%evp 30,85,0,0,0,0,0,0,0,0,12,0,16,0,-6,-9,-15,-38,-29,-24,0,-27,-29,-56,-64,-66,-21,-29,-7,-9,54,-51,-30,-31,-25,-59,-41,-60,-65,-116,-117,-117,-92,-92,-92,-89,-12,-135,-92,-119,-102,-119,-92,-92,-92,-119,0,0]} 1. e4 e5 2. Nf3 Nc6 3. d4 exd4 4. Nxd4 Nf6 5. Nc3 Bb4 6. Nxc6 bxc6 7. Bd3 d5 8. exd5 O-O 9. O-O cxd5 10. Bg5 c6 11. Na4 Re8 12. c4 h6 13. Bh4 Rb8 14. b3 {C47: Schottisches Vierspringerspiel} Bd6 15. cxd5 cxd5 16. Rc1 {LiveBook: 4 Partien} Bf4 17. Rc2 Qd6 18. Bg3 Bxg3 19. hxg3 d4 $146 ({Vorgänger:} 19... Bg4 20. Qd2 Re5 21. Qa5 Re7 {1-0 (51) Fleischanderl,F (2496)-Gronemann,J (2283) ICCF email 2001}) 20. Qc1 Bb7 21. Nc5 Ba8 $36 {[%mdl 2048] Schwarz steht aktiver.} 22. Na6 Be4 23. Nc5 Bxd3 24. Nxd3 Ne4 25. Rc6 Qd8 26. Qf4 Nc3 27. Qg4 Rb5 28. Re1 $1 {[%cal Re1e8]} Rxe1+ 29. Nxe1 {[#] zielt auf Tc8 ab.} Rb8 (29... h5 $11 30. Rc8 hxg4 31. Rxd8+ Kh7) 30. Qf3 (30. Nf3 $14) 30... Nxa2 31. Ra6 Qe7 32. Rxa2 {Schwarz muss nun Dd1 beachten.} Qxe1+ $11 {[%mdl 4096] Endspiel KDT-KDT} 33. Kh2 Qe7 34. Rd2 (34. Qd5 $15) 34... Rd8 $17 35. Rd3 g6 36. Qf4 Rd5 {[#] ...Th5+ ist eine echte Drohung.} 37. g4 Kg7 (37... Qd7 $17 38. Qxh6 Qxg4) 38. g3 (38. Rxd4 $11 Rb5 39. g3) 38... Qd7 39. Qe4 Qd8 40. Kg2 Rd6 41. Qe5+ Kh7 42. Qe4 Qf6 (42... a5 $17 43. Qf4 Rd7) 43. Rf3 $1 {Precision: Weiß = 45%, Schwarz = 46%.} 1/2-1/2

[Event "9th Beirut Open 2017"]
[Site "Beirut"]
[Date "2017.10.04"]
[Round "6"]
[White "Abdulaziz, Mahmoud"]
[Black "Khairallah, Ralph"]
[Result "1-0"]
[WhiteElo "2093"]
[BlackElo "1814"]
[Annotator "NA RC"]
[PlyCount "111"]
[EventDate "2017.??.??"]
[EventCountry "LBN"]
[SourceTitle "playchess.com"]
[Source "ChessBase"]
[SourceQuality "1"]
[TimeControl "5400+30"]

1. c4 e6 2. g3 d5 3. Bg2 Nf6 4. Nf3 Be7 5. O-O O-O 6. cxd5 exd5 7. d4 c6 8. Nc3 Nbd7 9. a3 a5 10. Bf4 Nh5 11. Bd2 Nhf6 12. Qc2 Bd6 13. Rac1 Re8 14. Rfe1 Nb6 15. e4 dxe4 16. Ng5 Nbd5 17. Ncxe4 Nxe4 18. Bxe4 g6 19. h4 Nf6 20. Qb3 Qc7 21. Bg2 Bf5 22. Rxe8+ Rxe8 23. Bxa5 Qd7 24. Re1 Rxe1+ 25. Bxe1 h6 26. Nf3 Be6 27. Qe3 Ng4 28. Qe2 Bc7 29. Bc3 b5 30. Ne5 Nxe5 31. dxe5 Bc4 32. Qe3 Qe6 33. Qc5 Bd5 34. Bxd5 Qxd5 35. Qe3 h5 36. Kf1 Qd1+ 37. Kg2 Qd5+ 38. Qf3 Qxf3+ 39. Kxf3 Bb6 40. Ke2 Kf8 41. f3 Ke7 42. g4 Ke6 43. b3 Bd8 44. a4 bxa4 45. bxa4 Bxh4 46. a5 Bd8 47. Ke3 c5 48. gxh5 gxh5 49. Ke4 Bc7 50. f4 h4 51. f5+ Ke7 52. a6 Bb6 53. Kf4 c4 54. Kg4 Bf2 55. Be1 Bc5 56. Bb4 1-0

[Event "9th Beirut Open 2017"]
[Site "Beirut"]
[Date "2017.10.04"]
[Round "6"]
[White "Asmar, Elie"]
[Black "Najjar, Ahmad"]
[Result "0-1"]
[WhiteElo "2061"]
[BlackElo "2242"]
[Annotator "TA"]
[PlyCount "92"]
[EventDate "2017.??.??"]
[EventCountry "LBN"]
[SourceTitle "playchess.com"]
[Source "ChessBase"]
[SourceQuality "1"]

{[%evp 12,92,47,16,27,16,30,23,15,0,46,28,31,47,68,60,74,68,62,37,85,78,99,96,116,-48,-52,-63,-55,-107,-75,-112,-115,-125,-55,-179,-173,-182,-178,-170,-192,-185,-184,-197,-50,-51,-51,-53,-54,-89,-72,-144,-28,-48,-46,-33,-43,-111,0,-129,-129,-129,-117,-154,-129,-191,-185,-254,-267,-281,-287,-275,-152,-155,-129,-577,-568,-1458,-1441,-29970,-29971,-29996,-29997]} 1. e4 c5 2. Nf3 g6 3. c3 Bg7 4. d4 cxd4 5. cxd4 d5 6. e5 Nc6 7. h3 e6 {B27: Sicilian: 2 Nf3, unusual Black 2nd moves} (7... Nh6 8. Bb5 O-O 9. O-O Qb6 10. Nc3 Nf5 11. Bxc6 bxc6 12. b3 f6 13. Na4 Qb5 14. exf6 exf6 15. Re1 Bd7 16. Nc5 Rad8 17. Bf4 Bc8 18. Qd2 Rfe8 19. Bc7 Rxe1+ 20. Rxe1 Rf8 21. a4 {1-0 (21) Fressinet,L (2717)-Al Modiahki,M (2549) Dubai 2014}) 8. Bd3 Nge7 9. O-O O-O {White has an edge.} 10. Nc3 Bd7 $146 ({Predecessor:} 10... a6 11. Be3 b5 12. Rc1 Qb6 13. Qd2 Bd7 14. Bb1 Rac8 15. Bg5 {1-0 (33) Bashiri,A (2010)-Azadbakhsh,F (2139) Rasht 2014}) 11. Bg5 h6 12. Be3 Kh7 13. Qd2 a6 14. Rac1 Rc8 15. Nh2 b5 {[%cal Bb7b5,Bb5b4][%mdl 32]} 16. g4 Ng8 17. f4 Nce7 18. f5 $2 (18. Nf3 $16) 18... exf5 $15 19. Qg2 fxg4 20. Nxg4 (20. hxg4 $15 f6 21. Nf3) 20... b4 21. Ne2 Rxc1 22. Bxc1 Qb6 ({Black should try} 22... Bf5 $1 $17 {[%cal Rf5d3]} 23. Bxf5 Nxf5) 23. Qf2 (23. Ne3 $15) 23... Bf5 $19 24. Nf4 Bxd3 25. Nxd3 Nf5 26. Nc5 Qb5 27. Bf4 Qc4 (27... Rc8 $19 28. Rc1 Bf8) 28. Ne3 $15 Nxe3 29. Bxe3 Qb5 30. Qg2 Ne7 31. Qg4 (31. h4 $142) 31... h5 (31... Nf5 $17 32. Rxf5 gxf5 33. Qxf5+ Kh8) 32. Qg5 Ng8 33. Qg2 Qc6 34. Nd3 {[#]} (34. Qe2 $15) 34... Qc4 (34... Ne7 $1 $17) 35. Nf4 (35. Nc5 $1 $11 {was the only way to keep the balance.}) 35... Ne7 $36 {[%cal Bg8e7,Be7f5,Bf5e3][%mdl 2080] Black is in control.} 36. b3 Qc3 37. Bf2 Qc6 38. Be3 (38. Nd3 $17) 38... Bh6 $19 39. Qd2 (39. Bd2 {is a better defense.} Qb6 40. Qf2) 39... Nf5 40. Ng2 Nxe3 41. Nxe3 {[#]} Qe6 (41... f6 $1 $19 {...Qe6 is the strong threat.} 42. Kg2 fxe5 43. Qxb4 Re8) 42. Kg2 $17 Rc8 43. Qf2 $2 {[%mdl 8192]} (43. Rf6 $17 Qe8 44. Qf2) 43... Bxe3 $19 44. Qxe3 Rc3 45. Qg5 Qxh3+ 46. Kf2 Rf3+ {Precision: White = 24%, Black = 50%.} 0-1

[Event "9th Beirut Open 2017"]
[Site "Beirut"]
[Date "2017.10.04"]
[Round "6"]
[White "Sursock, Sameer"]
[Black "Mohannad, Farhan"]
[Result "0-1"]
[WhiteElo "2033"]
[BlackElo "2243"]
[Annotator "TA"]
[PlyCount "86"]
[EventDate "2017.??.??"]
[EventCountry "LBN"]
[SourceTitle "playchess.com"]
[Source "ChessBase"]
[SourceQuality "1"]

{[%evp 11,86,37,66,57,62,41,86,96,100,93,91,86,91,72,100,62,65,74,93,97,93,83,93,83,131,58,133,79,67,53,57,-11,-14,-14,0,-38,-16,-28,-12,-177,-94,-89,-90,-106,-87,-161,-166,-216,-223,-214,-226,-221,-217,-216,-217,-205,-146,-161,0,-205,-222,-237,-234,-398,-397,-439,-407,-777,-774,-698,-429,-417,-172,-468,-474,-29985,-4902]} 1. e4 d5 2. exd5 Qxd5 3. Nc3 Qd6 4. d4 Nf6 5. Nf3 c6 6. Be2 {B01: Scandinavian Defence} (6. Ne5 Nbd7 7. Nc4 Qc7 8. a4 Nd5 9. Bd3 g6 10. Qf3 N7f6 11. Nxd5 Nxd5 12. O-O Bg7 13. c3 O-O 14. Qg3 Qxg3 15. hxg3 {½-½ (28) Caruana,F (2808)-Carlsen,M (2857) Baku 2016}) 6... g6 {LiveBook: 3 Games} 7. Bg5 Nbd7 8. Qd2 $146 {White is slightly better.} ({Predecessor:} 8. O-O Bg7 9. a3 b5 10. Bh4 e6 11. Bg3 Qe7 12. Ne5 Bb7 13. Bf3 Nd5 14. Nxc6 {1-0 (33) Damaso Tacoronte,C (1863)-Canizares Gil,P (1453) La Laguna 2009}) 8... Qb4 9. O-O Bg7 10. a3 Qa5 11. Rfe1 O-O 12. Bc4 Qd8 13. Rad1 Nb6 14. Bb3 Nbd5 15. Ne5 Bf5 16. f3 Nxc3 17. bxc3 ({Much weaker is} 17. Qxc3 $6 Nd5 $11) 17... Nd5 {[#] next ...f6 is good for Black.} 18. g4 (18. c4 $1 $16 {[%cal Rc4d5]} Nc7 19. Ng4) 18... Bc8 (18... Bxe5 $14 19. dxe5 (19. gxf5 Bc7 $14) 19... Be6) 19. Bh6 (19. c4 $142 f6 20. cxd5 cxd5 21. Nxg6 hxg6 22. Bh4) 19... Qa5 $16 20. Bxg7 Kxg7 21. Bxd5 ({White should play} 21. c4 $14 Qxd2 22. Rxd2) 21... cxd5 $11 22. Nd3 Qc7 23. Re5 f6 24. Rxd5 b6 25. Qf4 $2 (25. Nf4 $11 {and White stays safe.}) 25... Qxf4 ({Better is} 25... Qc6 $19 26. Qe4 Bb7) 26. Nxf4 $17 g5 27. Nh5+ {[#]} Kf7 $1 28. Kf2 (28. Re1 $17 {was called for.}) 28... a6 $19 29. Re1 Be6 30. Nxf6 exf6 ({Resist} 30... Kxf6 31. Rde5 $17) 31. Rd6 Bc4 32. Rxb6 Rab8 33. Rc6 Rbc8 $36 {[%mdl 2048] White is under strong pressure.} 34. Rb6 Rb8 35. Rc6 $1 {[%cal Rc6c4]} Rfc8 36. Rd6 Rc7 37. h4 $2 (37. Re4 {is a better defense.}) 37... gxh4 38. d5 Rb2 39. Rh1 (39. Rc1 $142) 39... Rxc2+ 40. Ke3 Re2+ 41. Kf4 Rce7 (41... Bd3 $142 {[%cal Rc7c4]} 42. Rc6 Rxc6 43. dxc6 Rc2) 42. Rb6 $2 (42. Rxh4 Kg7 43. Rh5) 42... Bxd5 43. Kf5 (43. Rxh4 $19 R7e3 44. Rh3) 43... Kg7 {Precision: White = 31%, Black = 47%.} (43... R7e5+ $142 44. Kf4 R2e3 45. Rh3 Rxc3 46. Rb4 Rxa3 47. Rc4 Bxc4 48. Rxh4 Bd5 49. Rh3 Kg6 50. g5 Rf5+ 51. Kg4 Ra4+ 52. Kg3 Rxf3+ 53. Kh2 Ra2+ 54. Kg1 Rxh3 55. gxf6 Rh1#) 0-1